[Event "Mumbai Aurionpro U14 op"]
[Site "Mumbai"]
[Date "2025.06.23"]
[Round "8"]
[White "Shaashvat, Gupta"]
[Black "Maras, Sahejveer Singh"]
[Result "1/2-1/2"]
[WhiteElo "1720"]
[BlackElo "1849"]
[PlyCount "94"]
[EventDate "2025.06.16"]
[EventType "swiss"]
[EventRounds "9"]
[EventCountry "IND"]
[SourceTitle "CB26_2025"]
[SourceDate "2025.06.25"]
[SourceVersion "1"]
[SourceVersionDate "2025.06.25"]
[SourceQuality "1"]

1. e4 c6 2. d4 d5 3. Nc3 dxe4 4. Nxe4 Nf6 5. Nxf6+ exf6 6. c3 Bd6 7. Bd3 Be6 8. Qc2 Nd7 9. Ne2 Qc7 10. Be3 Nb6 11. c4 Bb4+ 12. Kf1 Be7 13. Nf4 Bd7 14. Be4 f5 15. Bf3 Bg5 16. g3 0-0 17. Kg2 Bf6 18. Rhe1 g6 19. c5 Nd5 20. Nxd5 cxd5 21. Bxd5 Bc6 22. Bxc6 Qxc6+ 23. Kg1 h5 24. Rad1 Rfd8 25. b4 b5 26. Rd3 Rd5 27. Red1 Rad8 28. Qb2 Kg7 29. Bf4 a5 30. a3 a4 31. Bd6 Re8 32. Re3 Rxe3 33. fxe3 h4 34. Qg2 Rxd6 35. cxd6 Qxd6 36. d5 Bg5 37. Qf2 Qe5 38. Rd3 Qe4 39. Qe2 hxg3 40. hxg3 Qe5 41. Qf3 Qd6 42. Kg2 Qc7 43. Qe2 Qd6 44. Qc2 Bf6 45. Rd2 Be5 46. Qc6 Bxg3 47. Qxb5 Be1 1/2-1/2